000 00862nam a22002777a 4500
999 _c33431
_d33431
001 2643
003 CO-MdFUSB
005 20180622073122.0
008 180314s1980 sp ||||| |||| 00| 0 spa d
020 _a84-7151-234-3
040 _aCO-MdFUSB
_bspa
_cCO-MdFUSB
_dCO-MdFUSBC
_erda
041 0 _aspa
_hlat
082 0 4 _aG 227.2 Q52c
100 1 _aQuesnel, Michel
_eautor
245 4 _aLas cartas a los Corintios
_c/ Michel Quesnel ; Nícolas Darrícal, Traductor
250 _a2
264 1 _aEstella, Navarra, España :
_b Verbo Divino,
_c[1980]
300 _a60 Pag
336 _2rdacontent
_atexto
_btxt
337 _2rdamedia
_asin mediación
_bn
338 _2rdacarrier
_avolumen
_bnc
500 _aTítulo original : Les épitres aux corinthiens
650 7 _aFamilia y enseñanza
_9224
653 _aBiblia N.T. - Corintios - Enseñanza
942 _cBK